Photo Quiz: World Cycling Champions: Men's Road Race - Statistics

General Stats
  • This quiz has been taken 217 times
  • The average score is 12 of 20
Answer Stats
Picture Answer % Correct
Peter Sagan
94%
Julian Alaphilippe
93%
Eddie Merckxx
89%
Mark Cavendish
88%
Mads Pedersen
80%
Alejandro Valverde
77%
Cadel Evans
68%
Michał Kwiatkowski
65%
Tom Boonen
65%
Philippe Gilbert
62%
Fausto Coppi
58%
Bernard Hinault
52%
Rui Costa
51%
Greg Lemond
48%
Thor Hushovd
48%
Mario Cipollini
47%
Oscar Freire
38%
Stephen Roche
29%
Tom Simpson
20%
Gianni Bugno
17%
No matching quizzes found
Score Distribution
Percent of People with Each Score
Percentile by Number Answered
Your Score History
You have not taken this quiz